[Event "48th Biel Master Open"]
[Site "Biel SUI"]
[Date "2015.07.31"]
[Round "11.13"]
[White "Heimann, Andreas"]
[Black "Studer, Noel"]
[Result "1/2-1/2"]
[WhiteTitle "IM"]
[BlackTitle "IM"]
[WhiteElo "2557"]
[BlackElo "2416"]
[WhiteFideId "24624632"]
[BlackFideId "1319620"]
[EventDate "2015.07.20"]

1. Nf3 e6 2. d4 Nf6 3. c4 c5 4. d5 b5 5. Bf4 exd5 6. cxd5 d6 7. e4 Qb6 8. Nbd2
Be7 9. a4 bxa4 10. Nc4 Qb4+ 11. Bd2 Qb7 12. e5 dxe5 13. d6 Bd8 14. Nfxe5 O-O 15.
Be2 Be6 16. Bf3 Bd5 17. Bxd5 Qxd5 18. O-O Nbd7 19. Bc3 Nb6 20. Na5 Ne4 21. Re1
Nxd6 22. Qg4 f5 23. Qh3 Ne4 24. Rad1 Qa2 25. Ra1 Qd5 26. Rad1 Qa2 27. Ra1 Qd5 1/2-1/2

[Event "48th Biel Master Open"]
[Site "Biel SUI"]
[Date "2015.07.31"]
[Round "11.14"]
[White "Can, Emre"]
[Black "Griffith, Kyron W"]
[Result "1-0"]
[WhiteTitle "GM"]
[BlackTitle "FM"]
[WhiteElo "2547"]
[BlackElo "2320"]
[WhiteFideId "6302181"]
[BlackFideId "2046318"]
[EventDate "2015.07.20"]

1. d4 Nf6 2. c4 c5 3. d5 e6 4. Nc3 exd5 5. cxd5 d6 6. e4 g6 7. Nf3 Bg7 8. h3 O-O
9. Bd3 b5 10. Bxb5 Nxe4 11. Nxe4 Qa5+ 12. Nfd2 Qxb5 13. Nxd6 Qa6 14. N2c4 Nd7
15. O-O Ne5 16. Nxe5 Bxe5 17. Nxc8 Raxc8 18. Bh6 Rfe8 19. Qd2 Qd6 20. Rfe1 Red8
21. Rad1 c4 22. Re4 f5 23. Re3 Rb8 24. Qe2 Rxb2 25. Qe1 Bg7 26. Bxg7 1-0

[Event "48th Biel Master Open"]
[Site "Biel SUI"]
[Date "2015.07.31"]
[Round "11.15"]
[White "Raetsky, Alexander"]
[Black "Ulybin, Mikhail"]
[Result "1/2-1/2"]
[WhiteTitle "GM"]
[BlackTitle "GM"]
[WhiteElo "2405"]
[BlackElo "2520"]
[WhiteFideId "4103203"]
[BlackFideId "4101405"]
[EventDate "2015.07.20"]

1. d4 e6 2. c4 f5 3. Nc3 Nf6 4. Nf3 Bb4 5. Bd2 O-O 6. g3 b6 7. Bg2 Bb7 8. O-O
Qe7 9. Rc1 Bxc3 10. Bxc3 Ne4 11. d5 Na6 12. dxe6 d6 13. Nd4 Nac5 14. Qc2 Rae8
15. b4 Nxe6 16. Nxf5 Rxf5 17. Bxe4 Nd4 18. Bxd4 Bxe4 19. Qd2 Bb7 20. Rc2 c5 21.
bxc5 dxc5 22. Bb2 Rd8 23. Qc1 h5 24. h4 Rd7 25. f3 Rf7 26. Kg2 Qd8 27. Qe3 Rfe7
28. Qg5 Qe8 29. Rf2 Qf7 30. a4 Rd1 31. a5 Red7 32. axb6 axb6 33. Qe5 R7d6 34.
Qf4 Qd7 35. e4 Rh1 36. g4 Rdd1 37. Rfd2 Rdg1+ 38. Kf2 Rf1+ 39. Ke3 Re1+ 40. Kf2
Rhf1+ 41. Kg3 Rg1+ 42. Rg2 Bxe4 43. Rd2 Rxg2+ 44. Kxg2 Qe7 45. Qg5 Qxg5 46. hxg5
Bg6 47. Kg3 Rg1+ 48. Kf4 hxg4 49. Rd8+ Kf7 50. Rd7+ Ke8 51. Rxg7 gxf3 52. Kxf3
Rxg5 53. Rb7 Bh5+ 54. Kf4 Rg6 55. Be5 Be2 56. Rb8+ Kd7 57. Rb7+ Ke8 1/2-1/2

[Event "48th Biel Master Open"]
[Site "Biel SUI"]
[Date "2015.07.31"]
[Round "11.16"]
[White "Zoler, Dan"]
[Black "Haimovich, Tal"]
[Result "0-1"]
[WhiteTitle "GM"]
[BlackTitle "IM"]
[WhiteElo "2498"]
[BlackElo "2361"]
[WhiteFideId "2800705"]
[BlackFideId "2801698"]
[EventDate "2015.07.20"]

1. d4 Nf6 2. c4 e6 3. Nf3 d5 4. Nc3 Bb4 5. Qa4+ Nc6 6. e3 O-O 7. Bd2 a6 8. a3
Bxc3 9. Bxc3 Ne4 10. Qc2 h6 11. Bd3 Nxc3 12. Qxc3 dxc4 13. Bxc4 Bd7 14. O-O Qf6
15. Rac1 Rfe8 16. Rfd1 Rad8 17. Be2 Rb8 18. b4 Rbc8 19. Qb2 Red8 20. Rc5 Ne7 21.
Rdc1 Nd5 22. Qb3 Qe7 23. e4 Nf6 24. Qe3 Be8 25. h4 c6 26. Qf4 Nd7 27. R5c3 Nf8
28. e5 Ra8 29. g4 Ng6 30. Qg3 a5 31. Rb1 axb4 32. axb4 Ra4 33. Rcb3 b6 34. h5
Nf8 35. b5 cxb5 36. Bxb5 Bxb5 37. Rxb5 Ra3 38. R1b3 Rxb3 39. Rxb3 Qc7 40. Qf4
Nh7 41. Qe3 Rc8 42. Kh2 Qd8 43. Kg3 Ng5 44. Nxg5 hxg5 45. Rb4 Qd5 46. Qf3 Qa5
47. Qb3 Qa1 48. Qb1 Qc3+ 49. Kg2 Qd2 50. Rxb6 Rc2 51. Qf1 Qxd4 52. Rb8+ Kh7 53.
Rb3 Qxg4+ 54. Rg3 Qe4+ 55. Kg1 Re2 56. Kh2 Re1 57. Qg2 Qxg2+ 58. Kxg2 Rxe5 59.
Ra3 Kh6 60. Ra7 Rf5 0-1

[Event "48th Biel Master Open"]
[Site "Biel SUI"]
[Date "2015.07.31"]
[Round "11.17"]
[White "Meins, Gerlef"]
[Black "Cherniaev, Alexander"]
[Result "1/2-1/2"]
[WhiteTitle "IM"]
[BlackTitle "GM"]
[WhiteElo "2436"]
[BlackElo "2483"]
[WhiteFideId "4620895"]
[BlackFideId "4117301"]
[EventDate "2015.07.20"]

1. Nf3 d6 2. c4 e5 3. Nc3 f5 4. d3 Nf6 5. g3 c6 6. Bg2 Na6 7. O-O Be7 8. Rb1 O-O
9. b4 Nc7 10. b5 c5 11. Bg5 Qe8 12. e3 Ne6 13. Bxf6 Bxf6 14. Nd5 Bd8 15. Nd2 Kh8
16. f4 Nc7 17. Nxc7 Bxc7 18. Rb3 Ba5 19. Nb1 Rb8 20. Nc3 Bxc3 21. Rxc3 a6 22. a4
axb5 23. axb5 Ra8 24. Qd2 Qe7 25. Rcc1 Be6 26. Ra1 Rad8 27. Qc3 Bg8 28. Rfe1
Rfe8 29. Ra7 Rd7 30. Kf2 h6 31. Bf3 Qf7 32. Kg1 Bh7 33. Bd5 Qe7 34. Kf2 Bg6 35.
Qa1 Bf7 36. Bg2 Kh7 37. Qc3 Bh5 38. Bd5 Bf7 39. Bf3 g5 40. Bg2 Rg8 41. Qa1 Rg7
42. Ra8 Qf6 43. Rf8 Rg8 44. Rxg8 Bxg8 45. Qc3 Kg7 46. Ra1 exf4 47. Qxf6+ Kxf6
48. exf4 gxf4 49. gxf4 d5 50. Ra8 Bf7 51. Bxd5 Bxd5 52. cxd5 Rxd5 1/2-1/2

[Event "48th Biel Master Open"]
[Site "Biel SUI"]
[Date "2015.07.31"]
[Round "11.18"]
[White "Wirig, Anthony"]
[Black "Bartel, Marta"]
[Result "1-0"]
[WhiteTitle "GM"]
[BlackTitle "WGM"]
[WhiteElo "2511"]
[BlackElo "2340"]
[WhiteFideId "615013"]
[BlackFideId "1123009"]
[EventDate "2015.07.20"]

1. d4 Nf6 2. Bg5 e6 3. e3 h6 4. Bh4 Be7 5. Nd2 d6 6. c3 Nbd7 7. h3 b6 8. Bxf6
Bxf6 9. Qf3 Rb8 10. Bb5 O-O 11. Ne2 c5 12. O-O d5 13. Nf4 g6 14. Bd3 Bg7 15. Qg3
Qg5 16. Qh2 Qf6 17. Bb5 Qe7 18. Nf3 Bb7 19. Rad1 Rbd8 20. Nd3 Nb8 21. Nfe5 c4
22. Nc1 a6 23. Ba4 b5 24. Bc2 Nc6 25. f4 a5 26. Ne2 b4 27. h4 Rb8 28. h5 g5 29.
Rf2 Nxe5 30. dxe5 f5 31. g4 fxg4 32. Nd4 gxf4 33. exf4 bxc3 34. bxc3 Kh8 35. Qg3
Rg8 36. Bg6 Rbf8 37. Qxg4 Bc8 38. Re1 Qc5 39. Kg2 Qe7 40. Re3 Bd7 41. Rg3 a4 42.
Nf3 Qc5 43. Re2 Rb8 44. Bf7 Rbf8 45. Bxg8 Rxg8 46. Nd4 Qe7 47. Rb2 Bc8 48. Rb8
Qc7 49. Rb2 Qe7 50. Kh2 Qa3 51. Rb8 Qe7 52. Rxc8 Rxc8 53. Nxe6 Rg8 54. f5 Qf7
55. f6 Bf8 56. Nd8 Qh7 57. Qxg8+ Qxg8 58. e6 Bd6 59. Nf7+ Kh7 60. Nxd6 Qb8 61.
e7 1-0

[Event "48th Biel Master Open"]
[Site "Biel SUI"]
[Date "2015.07.31"]
[Round "11.19"]
[White "Sayadyan, Edvard"]
[Black "Andersen, Mads"]
[Result "0-1"]
[BlackTitle "IM"]
[WhiteElo "1974"]
[BlackElo "2467"]
[WhiteFideId "13304909"]
[BlackFideId "1413864"]
[EventDate "2015.07.20"]

1. e4 e6 2. d4 d5 3. Nc3 Nf6 4. e5 Nfd7 5. f4 c5 6. Nf3 Be7 7. Be3 O-O 8. Qd2 b6
9. Nd1 a5 10. c3 a4 11. a3 Ba6 12. Bxa6 Rxa6 13. O-O Qc8 14. f5 exf5 15. Bf4 Rd8
16. Ne3 Nf8 17. Bg5 Nc6 18. Qf2 Ne6 19. Bxe7 Nxe7 20. Qh4 Ra7 21. g4 Ng6 22. Qh5
fxg4 23. Qxg4 Nef4 24. Qxc8 Rxc8 25. Rad1 Rd7 26. Nh4 Ne6 27. Nhf5 cxd4 28. cxd4
Ngf4 29. Kh1 Rf8 30. Nd6 f6 31. Rd2 fxe5 32. dxe5 d4 33. Nc2 d3 34. Nb4 Nc5 35.
Rdf2 Ng6 36. Rxf8+ Nxf8 37. Nd5 Ng6 38. Nxb6 Re7 39. Ndc4 Nxe5 40. Nd5 Re6 41.
Nd2 Ng4 42. Nc3 Rh6 43. Nf3 Rb6 44. Nd5 Rxb2 45. Ne5 Rf2 0-1

[Event "48th Biel Master Open"]
[Site "Biel SUI"]
[Date "2015.07.31"]
[Round "11.20"]
[White "Kiewra, Keaton F"]
[Black "Derakhshani, Borna"]
[Result "1-0"]
[WhiteTitle "IM"]
[BlackTitle "CM"]
[WhiteElo "2421"]
[BlackElo "2079"]
[WhiteFideId "2019280"]
[BlackFideId "12518450"]
[EventDate "2015.07.20"]

1. e4 e5 2. Nf3 Nc6 3. Bb5 a6 4. Ba4 Nge7 5. c3 g6 6. O-O b5 7. Bc2 Bg7 8. d4
exd4 9. cxd4 d5 10. exd5 Nxd5 11. Bg5 Nce7 12. Nc3 Be6 13. Re1 c6 14. Ne5 Nxc3
15. bxc3 Rc8 16. Nxf7 Bxf7 17. Bxe7 Qxe7 18. Qg4 Rc7 19. Rxe7+ Kxe7 20. Bb3 1-0